| 000 | 00369cam a22001217a 4500 | ||
|---|---|---|---|
| 008 | 180718b2007 xxu||||| |||| 00| 0 eng d | ||
| 082 | _aA81x54 01/23A/A | ||
| 100 | _aCensus of India 2001 | ||
| 245 | _aChhattisgarh: administrative atlas | ||
| 260 |
_aDelhi _bController of Publications _c2007 |
||
| 300 | _a267+p | ||
| 440 | _aCensus of India 2001. Series-23, Chhattisgarh | ||
| 999 |
_c490625 _d490625 |
||